000 00384nam a2200145Ia 4500
005 20251222154359.0
008 251222s9999||||xx |||||||||||||| ||spa||
020 _a8408002694
082 _a920/G67
100 _aGonzález Cremona, Juan Manuel
245 0 _aLa Cara Oculta de los Grandes de la Historia
250 _a1ra. ed.
264 _bEditorial Planeta, S.A.
942 _cLIB
999 _c35203
_d35203